1687 1268 1805 1744 1231 1033 1659 1659 1665 1304 1845 1061 1339 1314 1868 1981 1406 1705 1026 1410 1904 1763 1651 1198 1715 1005 1373 1590 1884 1532 1340 1306 1762 1957 1459 1045 1810 1926 1229 1776 1626 1505 1848 1711 2000 1484 1757 1084 1801 1306 1407 1623 1160 1677 1672 1335 1233 1297 1935 1814 1251 1272 1087 1526 1397 1147 1184 1020 1318 1735 1150 1288 1909 1466 1593 1777 1577 1852 1405 1552 1210 1607 1469 1739 1325 1777 1543 1860 1650 1295 1605 1087 1121 1846 1317 1329 1097 1922 1564 BCNSPRNW ULIB Ver.6.0+V

เปลี่ยนเป็นภาษาไทย

Change to English
 แสดงรายละเอียดบรรณานุกรม
  กลับหน้าหลัก

Brief Record : Get Marc (ISO 2709) : E-mail record : QR code < ปิดหน้าต่าง
LEADER : 00000nam 2200000uu 4500
001    13399108606
003     ULIB
008    110310s2551||||th 000 0 tha d
020    9789740698937
060 04 QW504^bอ371ว
245 00 วิทยาภูมิคุ้มกันพื้นฐานและคลินิก =^bBasic and clinicalimmunology /^cอรวดี หาญวิวัฒน์วงศ์, บรรณาธิการ
246 31 Basic and clinical immunology
250    พิมพ์ครั้งที่ 1
260    กรุงเทพฯ :^bหน่วยวิทยาภูมิคุ้มกัน ภาควิชาจุลชีววิทยาคณะแพทยศาสตร์ จุฬาลงกรณ์มหาวิทยาลัย,^c2551
300    446 หน้า :^bภาพประกอบ ;^c30 ซม.
650  7 วิทยาภูมิคุ้มกัน
650  7 วิทยาภูมิคุ้มกัน^xเทคนิค
700 0  อรวดี หาญวิวัฒน์วงศ์,^eบรรณาธิการ
710 2  จุฬาลงกรณ์มหาวิทยาลัย. ^bคณะแพทยศาสตร์.^bภาควิชาจุลชีวิทยา
945    ^p450^l0^i024556
945    ^p450^l0^i024550
945    ^p450^l0^i024549
945    ^p450^l0^i024302
945    ^p450^l0^i024548
945    ^p450^l0^i032991
945    ^p450^l0^i032992
945    ^p450^l0^i032993
995    ทศพร
999 ^a ใช้งานได้ทุกระบบ
รายการนี้ยังไม่มีแท็ก
คุณยังไม่ได้ล็อกอิน คุณสามารถมีกิจกรรมร่วมกับเว็บไซต์ได้ แต่ต้องล็อกอินก่อน ::
  ล็อกอิน

รายการสื่อสารสนเทศ

ลำดับที่ ประเภท เลขเรียก/บาร์โค้ด สถานที่ สถานะ
1. วิทยาศาสตร์การแพทย์ และสุขภาพ
วิทยาศาสตร์การแพทย์ และสุขภาพ
QW504 อ371ว ฉ.6 
  Barcode: 032991
ห้องสมุดวิทยาเขตสวรรค์ประชารักษ์
►หนังสือทั่วไป
บนชั้น
2. วิทยาศาสตร์การแพทย์ และสุขภาพ
วิทยาศาสตร์การแพทย์ และสุขภาพ
QW504 อ371ว ฉ.7 
  Barcode: 032992
ห้องสมุดวิทยาเขตสวรรค์ประชารักษ์
►หนังสือทั่วไป
บนชั้น
3. วิทยาศาสตร์การแพทย์ และสุขภาพ
วิทยาศาสตร์การแพทย์ และสุขภาพ
QW504 อ371ว ฉ.8 
  Barcode: 032993
ห้องสมุดวิทยาเขตสวรรค์ประชารักษ์
►หนังสือทั่วไป
บนชั้น

รายการใกล้เคียง
    หัวเรื่อง [วิทยาภูมิคุ้มกัน]

BibComment


ยังไม่เคยถูกคอมเมนท์

คอมเมนท์ทรัพยากรรายการนี้
  คอมเมนท์: วิทยาภูมิคุ้มกันพ..


 Copyright 2026. Bcnsprnw @Library